LEADER 01229nam a2200277 a 4500 001 000000157941 003 CaOOAMICUS 005 20170119111253.0 008 170119s1998 it u000 u ita r 032 $aLibriCat 040 $aPUL$bita 082 04$a241 100 1 $aRaponi, Sante,$cC.SS.R.$0(OLS)http://pul/name/63752 245 10$aAlla scuola dei Padri :$btra cristologia, antropologia e comportamento morale. Alcuni saggi /$cSante Raponi, C.Ss.R. 260 $aRoma :$bEditiones Academiae Alfonsianae,$c1998. 300 $a316 p. ;$c24 cm. 490 1 $aQuaestiones morales ;$v11 650 4$aPatrologia.$0(OLS)http://pul/subject/40436 830 0$aQuaestiones morales / Accademia Alfonsiana ;$v11.$0(OLS)http://pul/title/27298 850 $aPUL 852 $aPUL$W1$xSL Religione 3$y85$m241 COLL 2.11$j181273$qDDC 21$B184407$CPULBib$Z2$F184407 $H128637 $81 941 1 $a9 996 $6082$a241$9(OLS)http://pul/classification/246 996 $6245$aAlla scuola dei Padri :$btra cristologia, antropologia e comportamento morale. Alcuni saggi$9(OLS)http://pul/title/197530 996 $6260$aRoma :$bEditiones Academiae Alfonsianae$9(OLS)http://pul/publisher/82247 LEADER 01184nam a2200277 u 4500 001 000000112776 003 CaOOAMICUS 005 20080718174515.0 008 080718s2008 it u000 u ita u 020 $z978-88-217-2748-1* 040 $aPUL$bita$dLDB 245 03$aLa riforma organica delle procedure concorsuali /$ca cura di Sido Bonfatti e Luciano Panzani. 260 $aMilano :$bIpsoa,$cc2008. 300 $axxii, 822 p. ;$c25 cm 490 1 $aRiforma fallimentare 504 $aBibliografia in nota. 650 4$aFallimento (diritto).$0(OLS)http://pul/subject/17091 700 1 $aPanzani, Luciano.$0(OLS)http://pul/name/34661 700 1 $aBonfatti, Sido.$0(OLS)http://pul/name/67195 830 0$aRiforma fallimentare.$0(OLS)http://pul/title/141748 850 $aPUL 852 $aPUL$W1$xSL Diritto e Scienze Sociali 3$y79$m346. 45 BONSI 1$j129016$qDDC 21$B127983$CPULBib$Z2$F127983 $H107742 $82 941 1 $a9 996 $6020$z978-88-217-2748-1*$9(OLS)http://pul/number/138516 996 $6245$aLa riforma organica delle procedure concorsuali$9(OLS)http://pul/title/141749 996 $6260$aMilano :$bIpsoa$9(OLS)http://pul/publisher/67046